Science Quiz

Random Science or Grab Bag Quiz
Score 0/12 Timer 02:00
3 Plays Today
answer % Correct
Femur
89.8%
Molar
89.6%
Tibia
85.3%
Frontal
83.1%
Canine
78.3%
Fibula
73.7%
Incisor
70.1%
Patella
60.8%
Occipital
54.3%
Temporal
48.1%
Parietal
47.3%
Premolar
45.6%
Remove Ads.
Support Sporcle.
Get the best of Sporcle when you Go Orange. This ad-free experience offers more features, more stats, and more fun while also helping to support Sporcle. Thank you for becoming a member.

You're not logged in!

Compare scores with friends on all Sporcle quizzes.
OR
Log In

Show Comments

Extras

Top Quizzes Today


Score Distribution

Your Account Isn't Verified!

In order to create a playlist on Sporcle, you need to verify the email address you used during registration. Go to your Sporcle Settings to finish the process.

Report this User

Report this user for behavior that violates our Community Guidelines.

Details: